000 03927nam a2200397Ka 4500
001 bslw06325931
003 UtOrBLW
005 20210303085255.0
006 m d
007 cr un|||||||||
008 101115s2009 enk o 000 0 eng d
020 _a9781848553033 (electronic bk.) :
_c£64.95 ; €97.95 ; $124.95
040 _aUtOrBLW
_cUtOrBLW
050 4 _aK923
_b.P47 2009
072 7 _aLNVJ
_2bicssc
072 7 _aLAW
_2bicssc
072 7 _aLAW087000
_2bisacsh
080 _a347.5
082 0 4 _a346.03
_222
245 0 0 _aPersonal injury and wrongful death damages calculations
_h[electronic resource] :
_btransatlantic dialogue /
_cedited by John O. Ward, Robert J. Thornton.
260 _aBingley, U.K. :
_bEmerald,
_c2009.
300 _a1 online resource (327 p.).
490 1 _aContemporary studies in economic and financial analysis,
_x1569-3759 ;
_vv. 91
505 0 _aThe transatlantic dialogue: An introduction / John O. Ward, Robert J. Thornton -- Estimating and using work life expectancy in the United Kingdom / Zoltan Butt, Steven Haberman, Richard Verrall, Victoria Wass -- The development of an actuarial approach to the calculation of future loss in the UK / Matthias Kelly -- Markov work life table research in the United States / Gary R. Skoog, James E. Ciecka -- Periodical payments awards and the transfer of risk / Richard Cropper, Victoria Wass -- The U.S. approach to computing economic damages due to personal injury and wrongful death / Kurt V. Krueger, Gary R. Albrecht -- Principles of compensation for injury and wrongful death in Ireland / Shane Whelan -- Doing away with inequality in loss of enjoyment of life / Giovanni Comandé -- Scheduled damages and the American tort environment / Steven J. Shapiro, A.E. Rodriguez -- Examples of schedules of damages used in Europe and the United States / Robert Minnehan -- International data and the forensic economist: A guide to sources and uses / Michael J. Piette, David R. Williams -- Economic damages and tort reform: A comparative analysis of the calculation of economic damages in personal injury and death litigation in the United States and the United Kingdom / John O. Ward -- Accounting for the effects of disablement on future employment in Britain / Victoria Wass, Robert McNabb.
520 _aThe volume focuses on litigation damages, economic and non-economic, including punitive damages; their definitions, calculations, and assignments in the US and EU. The objective is to examine areas of convergence and divergence in the academic and practical treatment of damages issues in the US and EU. Many of the chapters in the volume are drawn from the papers and discussions generated at the Trans-Atlantic Dialogue meetings of the National Association of Forensic Economics that began in Edinburgh, Scotland, in 2004. That meeting focused on the development of the 'Ogden' multipliers for calculating damages mandated for consideration by UK Courts in 1999. The 2005 meetings (Dublin, Ireland) centred on Markov methodologies used in the US for generating work-life tables and their adoption into damages multipliers, punitive damages, and the process of Irish tort reform. In 2006 discussions in Florence, Italy, focused on methods for calculating non-economic damages in the US and EU as well as the process of harmonization of tort law within the EU. Most recently, the 2007 discussions in Barcelona, Spain, dealt with comparisons of scheduled damages systems in the US and the EU.
588 0 _aPrint version record
650 7 _aLaw
_xTorts.
_2bisacsh
650 7 _aPersonal injury.
_2bicssc
650 0 _aTorts.
700 1 _aThornton, Robert.
700 1 _aWard, John O.
776 1 _z9781848553026
830 0 _aContemporary studies in economic and financial analysis ;
_vv. 91.
856 4 0 _uhttps://www.emerald.com/insight/publication/doi/10.1108/S1569-3759(2009)91
913 _1BMEbacklist
999 _c31432
_d31432